| 000 | 00571nam a22001815i 4500 | ||
|---|---|---|---|
| 001 | 167595 | ||
| 003 | ES-MaACL | ||
| 005 | 20250815062612.0 | ||
| 008 | 010718s1890 it |||| | ita d | ||
| 040 |
_aCAM _bspa _cCAM |
||
| 100 | 0 |
_aVillari, Pasquale. _9115122 |
|
| 245 | 1 | 0 |
_aSaggi storici e critici / _cdi P. Villari. |
| 260 |
_aBologna : _bDitta Nicola Zanichelli (Cesare e Giacomo Zanichelli), _c1890. |
||
| 300 |
_aIV, 528, [3] p. ; _c19 cm. |
||
| 650 | 7 |
_aHistoria universal _2embne _913429 |
|
| 852 |
_aES-MaACL _jG-1849 _z-- Enc. hol. |
||
| 999 |
_c167595 _d167595 |
||